| 000 | 00843nam a2200289Ia 4500 | ||
|---|---|---|---|
| 001 | 33184 | ||
| 005 | 20240114001637.0 | ||
| 007 | ta | ||
| 008 | 061212s1951 a g b000 u 465 u | ||
| 040 | _aCotton College Assam | ||
| 041 | _a465 | ||
| 082 |
_a301.15 _bM 745 P |
||
| 100 | _aMoney-Kyrle, R.E.. | ||
| 245 | 0 |
_aPsychoanalysis and Politics: A Contribution to the Psychology of Politics and Morals / _cR.E.Money-Kyrle. _hTextual Documents |
|
| 250 | _a1st ed. / | ||
| 260 |
_aLondon : _bGerald Duckworth & Co, Ltd. , _c1951. |
||
| 300 |
_a183p. : _bill ; _c18cm . |
||
| 504 | _aIndex | ||
| 653 | _aSocial Psychology | ||
| 653 | _aPsychoanalysis and Politics | ||
| 653 | _aPsychology-Politics | ||
| 653 | _aPsychology-Morals | ||
| 653 | _aG-Sociology | ||
| 942 |
_2ddc _cBK |
||
| 999 |
_c33166 _d33166 |
||